000 00855nam a2200241Ia 4500
999 _c5811
_d5811
003 OSt
005 20200702150422.0
008 191128s1995 ck fr 000 0 spa d
020 _a9583500747
040 _aCO-JMCR
_cCO-JMCR
041 0 _aspa
082 0 4 _a336.2 /
_bP419l
_223
100 1 _aPlazas Vega, Mauricio Alfredo,
_eautor
_9716
245 1 3 _aEl liberalismo y la teoría de los tributos /
_cMauricio A. Plazas Vega
260 _aBogotá :
_bTemis,
_c1995
300 _axxvii, 495 páginas ;
_c23 cm.
505 0 _aHacienda liberal -- Fases o etapas del liberalismo -- La teoría de los tributos -- La teoría general de los tributos
650 1 4 _aHacienda pública
_zColombia
_96509
650 1 4 _aImpuestos
_zColombia
_96510
650 1 4 _aGastos públicos
_zColombia
_96511
650 1 4 _aIngresos públicos
_zColombia
_96512
942 _2ddc
_cBK